| 000 | 00388nam a2200145Ia 4500 | ||
|---|---|---|---|
| 008 | 150201s2005 xx 000 0 und d | ||
| 082 |
_a615 _bG2005B |
||
| 100 | _aBRUTON LAURENCE L | ||
| 245 | _aTHE PHARMACOLOGICAL BASIS OF THERAPEUTICS | ||
| 250 | _a11TH | ||
| 260 |
_bMc-GRAW-HILL L PUBLISHING _aBOSTON( LONDON) _c2005 |
||
| 300 | _aJan-21 | ||
| 650 | _aPHARMACOLOGY | ||
| 942 |
_2ddc _cBK |
||
| 999 |
_c3522 _d3522 |
||